<?xml version="1.0" encoding="UTF-8"?><?xml-stylesheet type="text/xsl" href="static/style.xsl"?><OAI-PMH xmlns="http://www.openarchives.org/OAI/2.0/" xmlns:xsi="http://www.w3.org/2001/XMLSchema-instance" xsi:schemaLocation="http://www.openarchives.org/OAI/2.0/ http://www.openarchives.org/OAI/2.0/OAI-PMH.xsd"><responseDate>2026-06-02T23:56:41Z</responseDate><request verb="GetRecord" identifier="oai:riuma.uma.es:10630/31593" metadataPrefix="marc">https://riuma.uma.es/rest/oai/request</request><GetRecord><record><header><identifier>oai:riuma.uma.es:10630/31593</identifier><datestamp>2026-02-03T11:08:30Z</datestamp><setSpec>com_10630_2254</setSpec><setSpec>col_10630_37953</setSpec></header><metadata><record xmlns="http://www.loc.gov/MARC21/slim" xmlns:dcterms="http://purl.org/dc/terms/" xmlns:doc="http://www.lyncode.com/xoai" xmlns:xsi="http://www.w3.org/2001/XMLSchema-instance" xsi:schemaLocation="http://www.loc.gov/MARC21/slim http://www.loc.gov/standards/marcxml/schema/MARC21slim.xsd">
   <leader>00925njm 22002777a 4500</leader>
   <datafield ind2=" " ind1=" " tag="042">
      <subfield code="a">dc</subfield>
   </datafield>
   <datafield ind2=" " ind1=" " tag="720">
      <subfield code="a">Ramos Solano, Alba</subfield>
      <subfield code="e">author</subfield>
   </datafield>
   <datafield ind2=" " ind1=" " tag="720">
      <subfield code="a">Martín-Gámez, Carolina</subfield>
      <subfield code="e">author</subfield>
   </datafield>
   <datafield ind2=" " ind1=" " tag="720">
      <subfield code="a">Cebrián-Robles, Daniel</subfield>
      <subfield code="e">author</subfield>
   </datafield>
   <datafield ind2=" " ind1=" " tag="260">
      <subfield code="c">2024-06-10</subfield>
   </datafield>
   <datafield ind2=" " ind1=" " tag="520">
      <subfield code="a">En el contexto actual de crisis ecológica y ambiental, el enfoque del Activismo Colectivo Basado en la Indagación para el abordaje de Cuestiones Socialmente Vivas presenta un gran potencial para dotar a la Educación Ambiental de un carácter transversal e integrador. En esta investigación se analiza el desarrollo de la Conciencia de Sostenibilidad de 31 docentes de Educación Infantil y Primaria del colegio público “Huertas Viejas”, que diseñaron e implementaron propuestas formativas basadas en este enfoque para tratar las problemáticas asociadas a las masas de agua de su municipio (Coín, Málaga) durante el curso 2022/2023. Se emplea un enfoque mixto combinando las perspectivas cuantitativa y cualitativa, efectuando un estudio pretest-postest de los resultados de un cuestionario validado y realizando grupos de discusión con el profesorado apoyados por observación participante. El análisis del cuestionario muestra una tendencia positiva en el desarrollo de la Conciencia de Sostenibilidad, pero no diferencias estadísticamente significativas. Por el contrario, el análisis de los datos cualitativos señala la existencia de impactos positivos en el desarrollo de esta en los docentes. Esta aparente contradicción es discutida basándonos en las características y aplicabilidad del Cuestionario de Conciencia de Sostenibilidad y se analizan algunas experiencias significativas de los docentes.</subfield>
   </datafield>
   <datafield ind1="8" ind2=" " tag="024">
      <subfield code="a">Ramos-Solano, A., Martín-Gámez, C. and Cebrián-Robles, D. (2024). Activismo Colectivo Basado en la Indagación: Desarrollando la Conciencia de Sostenibilidad del Profesorado. Revista Internacional de Educación para la Justicia Social, 13(1), 51–69. https://doi.org/10.15366/riejs2024.13.1.003</subfield>
   </datafield>
   <datafield ind1="8" ind2=" " tag="024">
      <subfield code="a">https://hdl.handle.net/10630/31593</subfield>
   </datafield>
   <datafield ind1="8" ind2=" " tag="024">
      <subfield code="a">10.15366/riejs2024.13.1.003</subfield>
   </datafield>
   <datafield tag="653" ind2=" " ind1=" ">
      <subfield code="a">Investigación activa en educación</subfield>
   </datafield>
   <datafield tag="653" ind2=" " ind1=" ">
      <subfield code="a">Educación y desarrollo</subfield>
   </datafield>
   <datafield ind2="0" ind1="0" tag="245">
      <subfield code="a">Activismo Colectivo Basado en la Indagación: Desarrollando la Conciencia de Sostenibilidad del Profesorado.</subfield>
   </datafield>
</record>
</metadata></record></GetRecord></OAI-PMH>